| 000 | 00513ntaaa2200193 4500 | ||
|---|---|---|---|
| 003 | 01 | ||
| 005 | 20251027202347.0 | ||
| 008 | 0714s1973 ag 01 | ||
| 040 |
_aAR-BaBN _bspa _cAR-BaBN _eaacr _dRIC |
||
| 082 | _a301.1500 H67 | ||
| 100 |
_aHoffer, Eric _922253 |
||
| 245 | _aThe true believer | ||
| 250 | _a1 ed. | ||
| 260 |
_aNew York : _bHarper and Row, _cc1951 |
||
| 300 | _axiii, 176 p | ||
| 500 | _aPensamientos sobre la naturaleza de los movimientos de las masas | ||
| 650 |
_amasas _922254 |
||
| 942 | _cBK | ||
| 999 |
_c18463 _d18463 |
||